000 00726cam a2200241 a 4500
001 17426123
005 20180814051903.0
008 120810s2013 caua b 001 0 eng
010 _a 2012032640
020 _a9781412996440 (pbk.)
040 _aDLC
_cDLC
_dDLC
041 _aeng
042 _apcc
080 _a155.072
082 0 0 _a155.072
_223
100 1 _a48
101 _aPSI
245 1 0 _aDevelopmental research methods /
_cScott A. Miller.
504 _aIncludes bibliographical references and index.
906 _a7
_bcbc
_corignew
_d1
_eecip
_f20
_gy-gencatlg
942 _2ddc
_cBK
999 _c47106
_d47106